[Event "US op 121st"]
[Site "Cherry Hill"]
[Date "2021.08.01"]
[Round "2"]
[White "Yalamanchili, Jay"]
[Black "Moradiabadi, Elshan"]
[Result "1-0"]
[WhiteElo "1939"]
[BlackElo "2553"]
[PlyCount "102"]
[EventDate "2021.07.31"]
[EventType "swiss"]
[EventRounds "9"]
[EventCountry "USA"]
[SourceTitle "CBM 203 Extra"]
[Source "ChessBase"]
[SourceDate "2021.09.30"]
[SourceVersion "1"]
[SourceVersionDate "2021.09.30"]
[SourceQuality "1"]

1. e4 c5 2. Nf3 d6 3. Bc4 Nc6 4. h3 Nf6 5. d3 g6 6. Nc3 Bg7 7. 0-0 0-0 8. Be3 a6 9. a4 e6 10. e5 dxe5 11. Bxc5 Re8 12. Ne4 Nxe4 13. dxe4 Qa5 14. Be3 Rd8 15. Qe1 Qc7 16. c3 Na5 17. Ba2 Bd7 18. b4 Nc4 19. Bb3 Nxe3 20. Qxe3 Rac8 21. c4 a5 22. b5 f6 23. Ne1 Be8 24. c5 Bf7 25. Nd3 Bh6 26. Qe2 Rd4 27. Rfd1 Qe7 28. Qe1 Qd8 29. Qc3 Kh8 30. Nb2 Bf8 31. Nc4 Bxc5 32. Qxa5 Qe7 33. Rxd4 Bxd4 34. Rc1 g5 35. Qd2 Rg8 36. Ne3 Bg6 37. Qc2 Re8 38. a5 Qb4 39. Qc4 Qxa5 40. Ng4 Qd8 41. Qc7 h5 42. Ne3 Qxc7 43. Rxc7 b6 44. Nc4 Bc5 45. Rc6 Bxe4 46. Rc7 g4 47. hxg4 hxg4 48. Rf7 g3 49. Ne3 Ra8 50. fxg3 Bxe3+ 51. Kh2 Bd5 1-0